000 00671nam a2200229Ia 4500
003 OSt
005 20220928112341.0
006 a|||||r|||| 00| 0
007 ta
008 220927b |||||||| |||| 00| 0 eng d
024 _a34982
037 _cReference Collections
040 _aSDCL
_cSDCL
_beng
041 _2eng
_aeng
082 _aV4653aN6, L6 RR
100 _aEppler Elizabeth E Ed.
_9427614
245 0 _aInternational bibliogarphy of Jewish affairs.
260 _aLondon
_bAndrew Deutsch
_c1976
300 _aix,401p
_ccm.
942 _hV4653aN6, L6 RR
_cREF
_2CC
999 _c744387
_d744387